00976cam a22002891a 4500001001300000003000400013005001700017008004100034010001700075035001900092040004000111042001200151043001200163050002800175070002400203072000900227082001200236100004500248245009400293260008500387300004800472440004400520500001700564504003000581651003800611700003700649agr67000157 DLC20260227111026.0760503s1967 dcuabd b f000 0 eng  aagr67000157  a(OCoLC)2153063 aDLCcMiAdCdMiAdCdDNALdOCoLCdDLC apremarc an-usc--00aHD1751b.A91854 no. 1080 aA281.9bAg8A no.1080 aE100 a330.9771 aLoomis, Ralph A.q(Ralph Arthur),d1922-13aAn economic survey of the Northern Lake States Region /c[by R.A. Loomis and M.E. Wirth]. aWashington, D.C. :bEconomic Research Service, U.S. Dept. of Agriculture,c1967. axiv, 132 p. :bill., charts, maps ;c26 cm. 0aAgricultural economic report ;vno. 108 aCover title. aBibliography: p. 115-122. 0aLake StatesxEconomic conditions.1 aWirth, M. E.q(Myron E.),d1928-